A compendium of clinical medicine

Saved in:
Bibliographic Details
Main Author: FALASE, A. O.
Format: Book
Language:English
Published: Spectrum Books 2007
Tags: Add Tag
No Tags, Be the first to tag this record!

MARC

LEADER 00000nam a22000007a 4500
008 201214b ||||| |||| 00| 0 eng d
020 |a 978-978-029-805-0 
100 |a FALASE, A. O. 
245 |a A compendium of clinical medicine  |c . O. Falase, O. O. Akinkugbe  |g xi,795p.; ill. 
250 |b 3rd ed. 
260 |b Spectrum Books  |c 2007  |h Ibadan  |i 691922  |l RC76 .F18  |m Physical diagnosis 
500 |a It includes bibliographical references and index 
942 |a lcc  |c BK  |e Kuteyi, M. A  |f  14/12/2020 
952 |0 0  |1 0  |2 lcc  |4 0  |6 RC0076 F18  |7 0  |9 476  |a HOL  |b HOL  |c QZ  |d 2020-12-14  |l 0  |o RC76 .F18  |p 2020-2205  |r 2020-12-14 00:00:00  |w 2020-12-14  |y BK 
999 |c 243  |d 243